Comics para hablar 3 / (Record no. 8754)

MARC details
000 -CABECERA
campo de control de longitud fija 00617nam a2200205 a 4500
005 - FECHA Y HORA DE LA ÚLTIMA TRANSACCIÓN
campo de control 20210223120905.0
008 - ELEMENTOS DE LONGITUD FIJA--INFORMACIÓN GENERAL
campo de control de longitud fija 991125s1987 es 000 0 spa u
020 ## - NÚMERO INTERNACIONAL NORMALIZADO PARA LIBROS
Número Internacional Estándar del Libro 8486235723
035 ## - NÚMERO DE CONTROL DEL SISTEMA
Número de control de sistema UPN01000008754
049 ## - COLECCIÓN
Colección LT
050 #4 - SIGNATURA TOPOGRÁFICA DE LA BIBLIOTECA DEL CONGRESO
Número de clasificación LC4001
Número de documento/Ítem L63 no.10 LE
100 1# - ASIENTO PRINCIPAL--NOMBRE PERSONAL
Nombre de persona Monfort, Marc
9 (RLIN) 29360
245 10 - MENCIÓN DE TÍTULO
Título Comics para hablar 3 /
Mención de responsabilidad, etc. Marc Monfort, Adoración Juárez Sánchez.
260 ## - PUBLICACIÓN, DISTRIBUCIÓN, ETC.
Lugar de publicación, distribución, etc. Madrid :
Nombre del editor, distribuidor, etc. CEPE,
Fecha de publicación, distribución, etc. 1987.
300 ## - DESCRIPCIÓN FÍSICA
Extensión 64 p. :
Otras características físicas il. col.
440 #0 - MENCIÓN DE SERIE/ASIENTO SECUNDARIO--TÍTULO
Título Reeducación logopédica ;
Designación de volumen o secuencia 10
650 #4 - ASIENTO SECUNDARIO DE MATERIA - TERMINO TEMATICO
Término de materia o nombre geográfico como elemento de entrada TERAPEUTICA DEL HABLA
9 (RLIN) 13808
700 1# - ASIENTO SECUNDARIO--NOMBRE DE PERSONAL
Nombre de persona Juárez Sánchez, Adoración,
Término indicativo de función/relación coaut.
9 (RLIN) 28805
905 ## - TIPO DE MATERIAL
Tipo de material Libro
Holdings
Estado de retiro Estado de pérdida Fuente del sistema de clasificación o colocación Estado dañado No para préstamo Código de colección Localización permanente Ubicación/localización actual Ubicación en estantería Fecha de adquisición Clasificación Código de barras Fecha visto por última vez Número de copia Tipo de ítem Koha
    Library of Congress Classification   Disponible (Préstamo en sala) Libros de texto Bib. Gregorio Torres Quintero Bib. Gregorio Torres Quintero Colecciones especiales Planta alta 04/05/2022 LC4001 L63 no.10 LE 108508 31/12/2020 1 Libro
    Library of Congress Classification   En proceso de revisión Libros de texto Bib. Gregorio Torres Quintero Bib. Gregorio Torres Quintero Libros de Texto 11/05/2023 LC4001 L63 no.10 LE 108507 31/12/2020 1 Libro